000 00273nam a2200097 4500
008 240223b |||||||| |||| 00| 0 eng d
022 _a13190906
245 _aVoice of women-Vol. 5 Issue 2 (September 1998)
246 _aA Sri Lankan journal for women's liberation
942 _cCR
999 _c4810
_d4810